Le rouge et le noire (Record no. 165755)

MARC details
000 -LEADER
campo de control de longitud fija 00809nam a22002295i 4500
001 - NÚMERO DE CONTROL
campo de control 165755
003 - IDENTIFICADOR DE NÚMERO DE CONTROL
campo de control ES-MaACL
005 - FECHA Y HORA DE LA ÚLTIMA TRANSACCIÓN
campo de control 20240524063010.0
008 - DATOS DE LONGITUD FIJA--INFORMACIÓN GENERAL
campo de control de longitud fija 050906s1886 fr | |||||||| ||fre d
040 ## - FUENTE DE CATALOGACIÓN
Centro catalogador/agencia de origen CAM
Lengua de catalogación spa
Centro/agencia transcriptor CAM
100 0# - ENTRADA PRINCIPAL--NOMBRE DE PERSONA
Nombre de persona Stendhal,
Fechas asociadas al nombre 1783-1842
9 (RLIN) 108086
245 13 - MENCIÓN DEL TÍTULO
Título Le rouge et le noire
Resto del título : chronique du XIXe. siècle /
Mención de responsabilidad, etc. par de Stendhal.
250 ## - MENCION DE EDICION
Mención de edición Seule éd. complète ent. rev. et corr.
260 ## - PUBLICACIÓN, DISTRIBUCIÓN, ETC.
Lugar de publicación, distribución, etc. Paris :
Nombre del editor, distribuidor, etc. Calmann Lévy :
-- Ancienne Maison Michel Lévy,
Fecha de publicación, distribución, etc. 1886 (
Lugar de fabricación/manufactura Lagny :
Fabricante F. Aureau)
300 ## - DESCRIPCIÓN FÍSICA
Extensión 240; 248, [1] p. ;
Dimensiones 19 cm.
490 1# - MENCIÓN DE SERIE
Mención de serie Oeuvres complètes de Stendhal
597 ## - NOTA DE DESCRIPCIÓN FÍSICA
NOTA DE DESCRIPCIÓN FÍSICA 2 t. en 1 v.
752 ## - ENTRADA AGREGADA--NOMBRE JERÁRQUICO DEL LUGAR
País o entidad superior Francia -
Ciudad Paris
830 0# - PUNTO DE ACCESO ADICIONAL DE SERIE-TÍTULO UNIFORME
Título uniforme Oeuvres complètes de Stendhal
9 (RLIN) 188568
852 ## - LOCALIZACIÓN
Ubicación ES-MaACL
Número de control de estantería B-3205
Nota libre -- Enc. hol.
Holdings
Estatus retirado Estado de pérdida Estado de daño No para préstamo Colección Biblioteca de origen Biblioteca actual Ubicación en estantería Fecha de adquisición Fuente de adquisición Total de préstamos Signatura topográfica completa Código de barras Visto por última vez Precio de reemplazo Tipo de ítem Koha
        Libros del s. XIX Biblioteca del Ateneo de Madrid Biblioteca del Ateneo de Madrid Sala Pardo Bazán 17/01/2008     B-3205 1173833 23/02/2023 23/02/2023 Libro impreso antiguo